Online Catalogue and eLibrary

Political Sociology: (Record no. 316)

MARC details
000 -LEADER
fixed length control field 00496nam a22001817a 4500
005 - DATE AND TIME OF LATEST TRANSACTION
control field 20240206060922.0
008 - FIXED-LENGTH DATA ELEMENTS--GENERAL INFORMATION
fixed length control field 240206b |||||||| |||| 00| 0 eng d
020 ## - INTERNATIONAL STANDARD BOOK NUMBER
ISBN 0861314395.
082 ## - DDC Classification
DDC Edition Number 22
Class No. 306.2
Item Number - Author Mark POL.
100 ## - MAIN ENTRY--PERSONAL NAME
Personal name Ashraf, Ali.
100 ## - MAIN ENTRY--PERSONAL NAME
Personal name Sharma, L.N.
245 ## - TITLE STATEMENT
Title Political Sociology:
Remainder of title A new grammar of politics/
Statement of responsibility, etc. Ali Ashraf.
260 ## - PUBLICATION, DISTRIBUTION, ETC.
Place of publication, distribution, etc. New Delhi :
Name of publisher, distributor, etc. Universities ( India) Pvt. Ltd ,
Date of publication, distribution, etc. 1983.
300 ## - PHYSICAL DESCRIPTION
Extent (e.g. Volumes, Pages etc.) 224 p :,
650 ## - SUBJECT ADDED ENTRY--TOPICAL TERM
Topical term or geographic name entry element Political,
650 ## - SUBJECT ADDED ENTRY--TOPICAL TERM
Topical term or geographic name entry element Sociology.
942 ## - Koha item type (Biblio)
Koha item type Books in Stacks (Lending)
Holdings
Lost status Damaged status Collection code Home library Current library Date acquired Full call number Accession Number Item type
    Lending WERC Library WERC Library 02/06/2024 306.2 POL. 591 Books in Stacks (Lending)

© WERC Library